00565nam a22001817a 450000500170000001000130001702000260003003500130005603700090006908200080007810000150008624501150010124600120021626000340022827000460026230000260030850000490033420210901172115.0 aB-741370 a9788120344471c250.00 aB-741370 bGift a320 aM.P. Singh aIndian politics:bconstitutional foundations and institutional functioning /cby M.P. Singh [and] Rekha Saxena a2nd ed. bPHI Learningc2011aNew Delhi aM-97, Connaught CircusbNew Delhie110001 axvi, 376p.c24cm(pbk) ainclude bibliographical references and index